[Event "Junior Online 4NCL Division 2"]
[Site "online"]
[Date "2020.05.14"]
[Round "5.81"]
[White "Dasgupta, Avyukt"]
[Black "Volovich, Julia"]
[Result "1/2-1/2"]
[WhiteElo "1585"]
[BlackElo "1892"]
[PlyCount "139"]
[EventDate "2020.05.14"]
[WhiteTeam "Watford 1"]
[BlackTeam "Cambridge Chess & Go A"]

1. e4 e6 2. d4 d5 3. Nd2 Be7 4. e5 c5 5. c3 Nc6 6. Ndf3 Qb6 7. a3 cxd4 8. cxd4
Bd7 9. b4 Nh6 10. Bb2 Na5 11. Rc1 Nc4 12. Bxc4 dxc4 13. Rxc4 a5 14. Bc3 Bb5 15.
bxa5 Qa6 16. Rc7 Bd8 17. Rc5 Bf1 18. Qa4+ b5 19. Qb3 Bxg2 20. Rxb5 Bxh1 21. Qa4
O-O 22. Bb4 Nf5 23. Bxf8 Kxf8 24. Qb4+ Kg8 25. a4 Bxa5 26. Rb8+ Bd8 27. Rxa8
Qxa8 28. Qb5 Qa5+ 29. Qxa5 Bxa5+ 30. Kf1 Bxf3 31. Nxf3 Kf8 32. Ke2 Ke7 33. Kd3
Kd7 34. Ng5 f6 35. exf6 gxf6 36. Ne4 Bd8 37. Nc5+ Kd6 38. Ne4+ Kd5 39. Nc3+ Kc6
40. Nb5 Nd6 41. Nc3 Kb6 42. f4 Ka5 43. h3 Nf5 44. Kc4 Bc7 45. Ne2 Kxa4 46. Kc5
e5 47. dxe5 fxe5 48. fxe5 Bxe5 49. Kd5 Bb2 50. Ke6 Nd4+ 51. Nxd4 Bxd4 52. Kf7
Kb3 53. Ke6 Kc2 54. Kf5 Kd2 55. Kg5 Be3+ 56. Kg4 Ke2 57. h4 Kf2 58. Kh3 Kg1 59.
Kg3 h6 60. h5 Bg5 61. Kf3 Kh2 62. Kf2 Kh3 63. Kg1 Kh4 64. Kh1 Kxh5 65. Kg2 Kg4
66. Kh1 Kh3 67. Kg1 h5 68. Kh1 Kg3 69. Kg1 h4 70. Kh1 1/2-1/2

[Event "Junior Online 4NCL Division 2"]
[Site "online"]
[Date "2020.05.14"]
[Round "5.82"]
[White "Morrell, Sean"]
[Black "Linton, Alexander"]
[Result "1-0"]
[WhiteElo "1607"]
[BlackElo "1480"]
[PlyCount "31"]
[EventDate "2020.05.14"]
[WhiteTeam "Cambridge Chess & Go A"]
[BlackTeam "Watford 1"]

1. e4 e5 2. Nf3 Nc6 3. Bc4 Bc5 4. O-O Nf6 5. d4 exd4 6. e5 d5 7. exf6 dxc4 8.
Re1+ Be6 9. Ng5 Qxf6 10. Nxe6 fxe6 11. Qh5+ Qf7 12. Qxc5 O-O-O 13. Qxc4 Rde8
14. Nd2 Rhf8 15. Nf3 Qf6 16. Bg5 1-0

[Event "Junior Online 4NCL Division 2"]
[Site "online"]
[Date "2020.05.14"]
[Round "5.83"]
[White "Chan, Daniel"]
[Black "Kopanitsa, Anton"]
[Result "1/2-1/2"]
[WhiteElo "1412"]
[BlackElo "1472"]
[PlyCount "88"]
[EventDate "2020.05.14"]
[WhiteTeam "Watford 1"]
[BlackTeam "Cambridge Chess & Go A"]

1. e4 e6 2. Nc3 d5 3. d4 Nf6 4. exd5 exd5 5. Nf3 Bd6 6. Bd3 O-O 7. O-O c6 8.
Ne5 Nbd7 9. Re1 Re8 10. Bf4 Nxe5 11. dxe5 Bc7 12. exf6 Bxf4 13. Rxe8+ Qxe8 14.
Qf3 Qe5 15. Ne2 Qxb2 16. Re1 Bd2 17. Rd1 g6 18. h3 Bh6 19. Qg3 Qxf6 20. Qc7 Bf8
21. Ng3 Bc5 22. Rf1 Bb6 23. Qxc8+ Rxc8 24. Kh1 Bxf2 25. Ne2 Qh4 26. Ng1 Re8 27.
Bxg6 hxg6 28. Kh2 Qg3+ 29. Kh1 Re1 30. Rxe1 Bxe1 31. c3 Bxc3 32. a4 Qe1 33. Kh2
Bd4 34. Nf3 Be5+ 35. g3 Qxg3+ 36. Kh1 Qxf3+ 37. Kg1 Bd4+ 38. Kh2 c5 39. a5 c4
40. a6 bxa6 41. h4 c3 42. h5 c2 43. h6 c1=Q 44. h7+ Kxh7 1/2-1/2

[Event "Junior Online 4NCL Division 2"]
[Site "online"]
[Date "2020.05.14"]
[Round "5.84"]
[White "Volovich, Andrew"]
[Black "Hurrell, Theo DR"]
[Result "0-1"]
[WhiteElo "1480"]
[BlackElo "1375"]
[PlyCount "130"]
[EventDate "2020.05.14"]
[WhiteTeam "Cambridge Chess & Go A"]
[BlackTeam "Watford 1"]

1. e4 e5 2. Nf3 Nc6 3. Bc4 Nf6 4. d3 Bc5 5. Nbd2 d6 6. Nb3 Bg4 7. Nxc5 dxc5 8.
Bb5 Qd7 9. Nxe5 Bxd1 10. Nxd7 Nxd7 11. Kxd1 O-O 12. Bf4 Rac8 13. Kd2 Nf6 14.
Rhe1 Nd4 15. Bc4 c6 16. e5 Nd5 17. Bxd5 cxd5 18. c3 Nc6 19. e6 fxe6 20. Rxe6
Rxf4 21. f3 Rcf8 22. Rf1 Nd8 23. Rd6 R4f5 24. Rd7 a5 25. Re1 b5 26. Ree7 R5f7
27. Rxf7 Nxf7 28. Rxd5 Rc8 29. Rd7 Ne5 30. Rb7 b4 31. Rb5 a4 32. cxb4 cxb4 33.
Rxe5 b3 34. axb3 axb3 35. Rb5 Rc2+ 36. Kd1 Rxb2 37. Kc1 Rxg2 38. Rxb3 Rxh2 39.
d4 Rh4 40. Rd3 Rh3 41. d5 Kf8 42. Re3 Rh5 43. Rd3 Re5 44. d6 Re8 45. Kc2 Rd8
46. Kc3 h5 47. f4 Kf7 48. f5 Kf6 49. Rd5 h4 50. Kc4 h3 51. Kc5 h2 52. Rd1 Kxf5
53. Kd5 Rh8 54. Rh1 g5 55. d7 g4 56. Kc6 g3 57. Rf1+ Kg4 58. Re1 g2 59. Re7
h1=Q 60. Rg7+ Kh3 61. Rh7+ Rxh7 62. d8=Q Qc1+ 63. Kb6 g1=Q+ 64. Kb5 Qgc5+ 65.
Ka6 Ra7# 0-1

[Event "Junior Online 4NCL Division 2"]
[Site "online"]
[Date "2020.05.14"]
[Round "5.85"]
[White "Volovich, Julia"]
[Black "Dasgupta, Avyukt"]
[Result "1-0"]
[WhiteElo "1892"]
[BlackElo "1585"]
[PlyCount "113"]
[EventDate "2020.05.14"]
[WhiteTeam "Cambridge Chess & Go A"]
[BlackTeam "Watford 1"]

1. e4 e6 2. Nf3 d5 3. Nc3 c5 4. exd5 exd5 5. Bb5+ Bd7 6. Qe2+ Be7 7. Nxd5 Bc6
8. Qc4 Nf6 9. Nxf6+ Bxf6 10. Qxc5 Bxb5 11. Qxb5+ Nc6 12. O-O O-O 13. d3 Qc7 14.
Be3 a6 15. Qb3 Rfd8 16. Bb6 Qd6 17. Bxd8 Rxd8 18. Rfe1 Nd4 19. Nxd4 Bxd4 20.
Qxb7 Bb6 21. Qe7 Qc6 22. Qe4 Qd6 23. Qe8+ Qf8 24. Qxf8+ Kxf8 25. Re2 Ba5 26.
Re5 Bd2 27. Rd1 Bf4 28. Re4 Bh6 29. Ra4 Rd6 30. c4 Re6 31. g3 g6 32. d4 Re2 33.
d5 Rxb2 34. d6 Ke8 35. d7+ Kd8 36. Rxa6 Rb8 37. c5 Bg7 38. c6 Be5 39. f4 Bc7
40. a4 g5 41. fxg5 Bb6+ 42. Kg2 Be3 43. Re1 Bxg5 44. Re8+ Kc7 45. Ra7+ Kxc6 46.
Rxb8 h5 47. d8=Q Bxd8 48. Rxd8 h4 49. Rxf7 hxg3 50. hxg3 Kb6 51. Rd5 Kc6 52.
Rh5 Kd6 53. Rf6+ Ke7 54. Ra6 Kf7 55. Rh7+ Kg8 56. Rb7 Kh8 57. Ra8# 1-0

[Event "Junior Online 4NCL Division 2"]
[Site "online"]
[Date "2020.05.14"]
[Round "5.86"]
[White "Linton, Alexander"]
[Black "Morrell, Sean"]
[Result "1/2-1/2"]
[WhiteElo "1480"]
[BlackElo "1607"]
[PlyCount "116"]
[EventDate "2020.05.14"]
[WhiteTeam "Watford 1"]
[BlackTeam "Cambridge Chess & Go A"]

1. e4 e6 2. d4 d5 3. exd5 exd5 4. Nf3 Nc6 5. Bb5 Bd6 6. O-O Nge7 7. Re1 O-O 8.
Bg5 h6 9. Bxc6 hxg5 10. Ba4 Ng6 11. Nbd2 c6 12. c4 Nf4 13. cxd5 cxd5 14. Nf1
Qf6 15. Ng3 Bg4 16. h3 Bxf3 17. Qxf3 Nxh3+ 18. Kh2 Qxf3 19. gxf3 Nf4 20. Nf5
Bc7 21. Kg1 g6 22. Ng3 Nd3 23. Re7 Bxg3 24. fxg3 Nxb2 25. Bb3 Nc4 26. Rxb7 Rfe8
27. Rd7 Red8 28. Rc7 Nb6 29. Re1 Rd7 30. Rxd7 Nxd7 31. Bxd5 Rb8 32. Bb3 Kf8 33.
Rc1 Nb6 34. Rc7 Rd8 35. Rxf7+ Ke8 36. Rxa7 Rxd4 37. Rg7 Rd6 38. Bf7+ Kf8 39.
Rxg6 Rd1+ 40. Kf2 Kxf7 41. Rxb6 Rd2+ 42. Ke3 Rxa2 43. Ke4 Ra5 44. Rd6 Ra4+ 45.
Kf5 Ra5+ 46. Kg4 Re5 47. Kh5 Re3 48. f4 Rxg3 49. fxg5 Rh3+ 50. Kg4 Rh1 51. Rf6+
Kg7 52. Kf5 Rf1+ 53. Ke5 Rxf6 54. gxf6+ Kf7 55. Kf5 Kf8 56. Ke6 Ke8 57. f7+ Kf8
58. Kd7 Kxf7 1/2-1/2

[Event "Junior Online 4NCL Division 2"]
[Site "online"]
[Date "2020.05.14"]
[Round "5.87"]
[White "Kopanitsa, Anton"]
[Black "Chan, Daniel"]
[Result "1-0"]
[WhiteElo "1472"]
[BlackElo "1412"]
[PlyCount "71"]
[EventDate "2020.05.14"]
[WhiteTeam "Cambridge Chess & Go A"]
[BlackTeam "Watford 1"]

1. b4 e5 2. Bb2 d6 3. e3 a6 4. a4 Nd7 5. Nf3 Ngf6 6. d4 exd4 7. Nxd4 d5 8. b5
Bc5 9. Nd2 Bxd4 10. exd4 axb5 11. axb5 Rxa1 12. Qxa1 b6 13. Bd3 Bb7 14. O-O O-O
15. Re1 Re8 16. c4 Rxe1+ 17. Qxe1 Qe8 18. Qxe8+ Nxe8 19. Bf5 Ndf6 20. c5 bxc5
21. dxc5 c6 22. b6 Nd7 23. Bxd7 Nf6 24. Bxf6 gxf6 25. Nb3 Kf8 26. Na5 Ba6 27.
Bxc6 Ke7 28. Bb5 Bc8 29. b7 Bxb7 30. Nxb7 d4 31. c6 d3 32. Bxd3 Ke6 33. Bf5+
Ke7 34. c7 h5 35. c8=Q h4 36. Qd8# 1-0

[Event "Junior Online 4NCL Division 2"]
[Site "online"]
[Date "2020.05.14"]
[Round "5.88"]
[White "Hurrell, Theo DR"]
[Black "Volovich, Andrew"]
[Result "0-1"]
[WhiteElo "1375"]
[BlackElo "1480"]
[PlyCount "78"]
[EventDate "2020.05.14"]
[WhiteTeam "Watford 1"]
[BlackTeam "Cambridge Chess & Go A"]

1. e4 e6 2. Nf3 d5 3. exd5 exd5 4. d3 Nf6 5. Bf4 Bd6 6. Bxd6 Qxd6 7. Qe2+ Qe6
8. Qxe6+ Bxe6 9. g3 O-O 10. Bg2 Nc6 11. O-O Nb4 12. Nd4 c5 13. Nxe6 fxe6 14.
Nc3 Nxc2 15. Rad1 Nb4 16. Rfe1 Rfe8 17. a3 Nc2 18. Re2 Nd4 19. Ree1 Rab8 20.
Nb5 Nxb5 21. Rc1 b6 22. a4 Nd4 23. Re3 Ng4 24. Ree1 Rbd8 25. h3 Nf6 26. Re3 Nb3
27. Rce1 Rd6 28. f4 Nd4 29. Re5 Nd7 30. Rg5 h6 31. Rg6 Kf7 32. Rg4 Nf6 33. Rh4
Nf5 34. Rh5 g6 35. Rxf5 exf5 36. Rxe8 Kxe8 37. Bf3 Re6 38. Kf2 d4 39. Bg4 fxg4
0-1

[Event "Junior Online 4NCL Division 2"]
[Site "online"]
[Date "2020.05.21"]
[Round "6.11"]
[White "Pert, Max"]
[Black "Collins, Adam"]
[Result "0-1"]
[WhiteElo "1727"]
[BlackElo "1760"]
[PlyCount "136"]
[EventDate "2020.05.21"]
[WhiteTeam "Brentwood 1"]
[BlackTeam "A6 and Chill"]

1. d4 c6 2. c4 d5 3. Nc3 Nf6 4. Nf3 dxc4 5. a4 Bf5 6. Bf4 e6 7. e3 Nd5 8. Bxc4
Nxf4 9. exf4 Bd6 10. g3 Nd7 11. Qe2 O-O 12. Bd3 Bg4 13. O-O Qe7 14. Rfe1 Rac8
15. Ne4 Bc7 16. Nc3 Bb6 17. Qe4 Nf6 18. Qe3 Rfd8 19. Ne2 Bxf3 20. Qxf3 Bxd4 21.
Nxd4 Rxd4 22. f5 Qd6 23. Rad1 e5 24. Bc2 Rd8 25. Qe2 c5 26. Bb3 h6 27. Rxd4
exd4 28. Qe7 Qxe7 29. Rxe7 Rd7 30. Bxf7+ Kf8 31. Rxd7 Nxd7 32. Be6 Ke7 33. Kf1
Ne5 34. Ke2 Kd6 35. f4 Ng4 36. h3 Ne3 37. g4 a6 38. g5 b5 39. axb5 axb5 40. b3
c4 41. bxc4 bxc4 42. Kd2 c3+ 43. Kd3 Ng2 44. Bb3 Kc5 45. f6 Nxf4+ 46. Ke4 gxf6
47. Kxf4 d3 48. Ke3 c2 49. Kd2 fxg5 50. Bxc2 dxc2 51. Kxc2 Kd4 52. Kd2 Ke4 53.
Ke2 Kf4 54. Kf2 h5 55. Kg2 Ke3 56. Kg3 Ke2 57. Kg2 h4 58. Kg1 Kf3 59. Kh2 Kf2
60. Kh1 Kg3 61. Kg1 Kxh3 62. Kh1 g4 63. Kg1 Kg3 64. Kh1 Kf2 65. Kh2 g3+ 66. Kh3
g2 67. Kxh4 g1=Q 68. Kh3 Qg3# 0-1

[Event "Junior Online 4NCL Division 2"]
[Site "online"]
[Date "2020.05.21"]
[Round "6.12"]
[White "O'cuilleanain, Oisin"]
[Black "Molostvov, Dmitry M"]
[Result "1/2-1/2"]
[WhiteElo "1660"]
[BlackElo "1592"]
[PlyCount "91"]
[EventDate "2020.05.21"]
[WhiteTeam "A6 and Chill"]
[BlackTeam "Brentwood 1"]

1. d4 Nf6 2. Bf4 d5 3. e3 e6 4. Nf3 c5 5. c3 Nc6 6. Nbd2 Bd6 7. Bg3 O-O 8. Bd3
b6 9. e4 dxe4 10. Nxe4 Nxe4 11. Bxe4 Bb7 12. dxc5 Bxc5 13. Qa4 Na5 14. Bxb7
Nxb7 15. Qc6 Qc8 16. Qxc8 Raxc8 17. O-O Bd6 18. Bxd6 Nxd6 19. Rad1 Rfd8 20. Ne5
f6 21. Ng4 Kf7 22. Rfe1 Nc4 23. b3 Nb2 24. Rxd8 Rxd8 25. c4 Rd2 26. Ne3 Nd3 27.
Rd1 Rxd1+ 28. Nxd1 Ke7 29. Kf1 Kd6 30. Nc3 Kc5 31. Ke2 Nb4 32. a3 Nc6 33. f4
Nd4+ 34. Kd3 Nxb3 35. Nb5 a6 36. Nc7 Nc1+ 37. Kd2 Nb3+ 38. Kc3 Kd6 39. Nxa6 Nc5
40. Nb4 Ne4+ 41. Kd4 Nc5 42. g4 Nb3+ 43. Kc3 Nc5 44. Kd4 Nb3+ 45. Kc3 Nc5 46.
Kd4 1/2-1/2

[Event "Junior Online 4NCL Division 2"]
[Site "online"]
[Date "2020.05.21"]
[Round "6.13"]
[White "Horton, Jake H"]
[Black "Kavanagh, James"]
[Result "0-1"]
[WhiteElo "1435"]
[BlackElo "1719"]
[PlyCount "82"]
[EventDate "2020.05.21"]
[WhiteTeam "Brentwood 1"]
[BlackTeam "A6 and Chill"]

1. e4 c5 2. Bc4 e6 3. Bb5 a6 4. Be2 b5 5. Nf3 Bb7 6. d3 g6 7. Bf4 Bg7 8. c3 Ne7
9. Nbd2 O-O 10. d4 cxd4 11. cxd4 Nbc6 12. e5 Nd5 13. Bg5 f6 14. exf6 Bxf6 15.
Bh6 Bg7 16. Bxg7 Kxg7 17. Ne4 d6 18. Nfg5 Qe7 19. Bg4 Nf4 20. g3 h5 21. Bxh5
Nxh5 22. g4 Nf6 23. Nxf6 Qxf6 24. Ne4 Qf4 25. Qe2 Nxd4 26. Qe3 Qxe3+ 27. fxe3
Bxe4 28. exd4 Bxh1 29. Kd2 Bd5 30. Kd3 Rac8 31. b3 Rf4 32. Rd1 Rxg4 33. Rd2 b4
34. Ke2 Rg2+ 35. Ke3 Rc3+ 36. Kf4 Rxd2 37. a3 Kf6 38. h4 Rh2 39. Kg4 Rxb3 40.
a4 Rf3 41. a5 Rg2# 0-1

[Event "Junior Online 4NCL Division 2"]
[Site "online"]
[Date "2020.05.21"]
[Round "6.14"]
[White "Avetisyan, Gagik"]
[Black "Gohil, Shayan"]
[Result "1-0"]
[WhiteElo "1553"]
[BlackElo "1390"]
[PlyCount "47"]
[EventDate "2020.05.21"]
[WhiteTeam "A6 and Chill"]
[BlackTeam "Brentwood 1"]

1. d4 d5 2. c4 Nf6 3. Nc3 Nc6 4. e3 Bf5 5. Qb3 b6 6. cxd5 Nb8 7. Bc4 g6 8. d6
Qxd6 9. Bxf7+ Kd8 10. Bd5 c6 11. Bf3 Bg7 12. Nge2 Nbd7 13. Nb5 Qb8 14. Bxc6 Ne8
15. Bxa8 Qxa8 16. O-O Nef6 17. Nf4 Bh6 18. Ne6+ Kc8 19. Qc4+ Kb7 20. Nbc7 Rc8
21. Qa6+ Kb8 22. Nxa8 Kxa8 23. Qxc8+ Nb8 24. Nc7# 1-0

[Event "Junior Online 4NCL Division 2"]
[Site "online"]
[Date "2020.05.21"]
[Round "6.15"]
[White "Collins, Adam"]
[Black "Pert, Max"]
[Result "1-0"]
[WhiteElo "1760"]
[BlackElo "1727"]
[PlyCount "71"]
[EventDate "2020.05.21"]
[WhiteTeam "A6 and Chill"]
[BlackTeam "Brentwood 1"]

1. e4 c6 2. d4 d5 3. Nc3 dxe4 4. Nxe4 Nf6 5. Bd3 Qxd4 6. Nf3 Qd5 7. Qe2 e6 8.
Bd2 Be7 9. Bc3 Nxe4 10. Bxe4 Qb5 11. Bd3 Qb6 12. O-O-O Nd7 13. Rhe1 O-O 14. h4
Nc5 15. Ng5 h6 16. Rh1 Na4 17. Qe4 f5 18. Qxa4 hxg5 19. hxg5 Bxg5+ 20. Kb1 Qxf2
21. Rdf1 Qb6 22. g4 Bf6 23. Bxf6 Rxf6 24. gxf5 exf5 25. Rfg1 Kf7 26. Qh4 Rh6
27. Rxg7+ Kxg7 28. Qxh6+ Kf7 29. Qh7+ Kf6 30. Rh6+ Ke5 31. Qe7+ Kf4 32. Rh4+
Kg3 33. Qg5+ Kf3 34. Qf4+ Kg2 35. Rh2+ Kg1 36. Qg3# 1-0

[Event "Junior Online 4NCL Division 2"]
[Site "online"]
[Date "2020.05.21"]
[Round "6.16"]
[White "Molostvov, Dmitry M"]
[Black "O'cuilleanain, Oisin"]
[Result "0-1"]
[WhiteElo "1592"]
[BlackElo "1660"]
[PlyCount "46"]
[EventDate "2020.05.21"]
[WhiteTeam "Brentwood 1"]
[BlackTeam "A6 and Chill"]

1. d4 e6 2. c4 f5 3. Nf3 Nf6 4. Nc3 Be7 5. e3 O-O 6. Be2 d6 7. b3 b6 8. Bb2 Bb7
9. O-O Nbd7 10. h3 Ne4 11. d5 Nxc3 12. Bxc3 e5 13. Nh2 Qe8 14. f4 Bf6 15. Bh5
g6 16. Be2 exf4 17. Bxf6 Qxe3+ 18. Kh1 Nxf6 19. Rf3 Qe5 20. Qf1 Nh5 21. Kg1
Rae8 22. Bd3 Qd4+ 23. Qf2 Qxa1+ 0-1

[Event "Junior Online 4NCL Division 2"]
[Site "online"]
[Date "2020.05.21"]
[Round "6.17"]
[White "Kavanagh, James"]
[Black "Horton, Jake H"]
[Result "1-0"]
[WhiteElo "1719"]
[BlackElo "1435"]
[PlyCount "55"]
[EventDate "2020.05.21"]
[WhiteTeam "A6 and Chill"]
[BlackTeam "Brentwood 1"]

1. d4 d5 2. Bf4 Nf6 3. e3 e6 4. Bd3 Bd7 5. c3 Bd6 6. Bxd6 cxd6 7. Nf3 Qc7 8.
O-O e5 9. Bc2 e4 10. Ne1 h5 11. f3 h4 12. Nd2 g5 13. fxe4 Nxe4 14. Nxe4 dxe4
15. Bxe4 g4 16. Nd3 g3 17. Qf3 Be6 18. Bxb7 gxh2+ 19. Kh1 Bg4 20. Qe4+ Be6 21.
Bxa8 d5 22. Bxd5 Rh6 23. Nc5 Ke7 24. Rf2 Kd6 25. Qe5+ Ke7 26. Qxc7+ Nd7 27.
Bxe6 fxe6 28. Qxd7# 1-0

[Event "Junior Online 4NCL Division 2"]
[Site "online"]
[Date "2020.05.21"]
[Round "6.18"]
[White "Gohil, Shayan"]
[Black "Avetisyan, Gagik"]
[Result "0-1"]
[WhiteElo "1390"]
[BlackElo "1553"]
[PlyCount "70"]
[EventDate "2020.05.21"]
[WhiteTeam "Brentwood 1"]
[BlackTeam "A6 and Chill"]

1. e4 e6 2. d4 d5 3. e5 c5 4. Nf3 Nc6 5. Bb5 Bd7 6. O-O cxd4 7. Nxd4 Nxe5 8.
Re1 Nc6 9. Nc3 Nf6 10. Bg5 Be7 11. Nxc6 bxc6 12. Bd3 h6 13. Be3 c5 14. Bd2 O-O
15. Qf3 Bc6 16. Rad1 Rc8 17. Qg3 Bd6 18. Bf4 Nh5 19. Bh7+ Kxh7 20. Qd3+ Kg8 21.
Bd2 Qh4 22. h3 c4 23. Qe2 Bc5 24. Rf1 Ng3 25. Qe1 Nxf1 26. Qxf1 d4 27. Ne2 Rcd8
28. Ng3 d3 29. cxd3 Qxg3 30. dxc4 Qg6 31. b3 Bf3 32. Re1 Rxd2 33. Kh2 Bd6+ 34.
Kh1 Bc6 35. Re3 Rd1 0-1

[Event "Junior Online 4NCL Division 2"]
[Site "online"]
[Date "2020.05.21"]
[Round "6.21"]
[White "Linton, Alexander"]
[Black "Murawski, Jan"]
[Result "1-0"]
[WhiteElo "1607"]
[BlackElo "1630"]
[PlyCount "119"]
[EventDate "2020.05.21"]
[WhiteTeam "Cambridge Chess & Go A"]
[BlackTeam "Ojays C"]

1. e4 c5 2. Nf3 d6 3. d4 cxd4 4. Nxd4 Nf6 5. Nc3 a6 6. Be3 e5 7. Nb3 Be7 8. f3
O-O 9. Qd2 Be6 10. g4 d5 11. g5 d4 12. gxf6 dxc3 13. Qxd8 Bxd8 14. fxg7 Kxg7
15. bxc3 Bh4+ 16. Bf2 Bxf2+ 17. Kxf2 Nc6 18. Nc5 Bc8 19. Rb1 Rd8 20. Bd3 b5 21.
Rhg1+ Kf6 22. Ke3 Be6 23. Nxe6 Kxe6 24. c4 bxc4 25. Bxc4+ Kf6 26. Bd5 Rac8 27.
Rb6 Rd6 28. Rxa6 Ke7 29. Rg7 Nd8 30. Rxd6 Kxd6 31. Rxh7 Rxc2 32. Rh6+ Ke7 33.
h4 Nc6 34. Rxc6 Rxc6 35. Bxc6 Kd6 36. Bd5 f5 37. h5 f4+ 38. Kd3 Ke7 39. Kc4 Kf6
40. a4 Kg5 41. a5 Kxh5 42. a6 Kh4 43. a7 Kg3 44. a8=Q Kxf3 45. Qe8 Ke3 46. Qxe5
f3 47. Qf5 f2 48. Qxf2+ Kxf2 49. e5 Ke3 50. e6 Kf4 51. e7 Kg5 52. e8=Q Kg4 53.
Qf8 Kg3 54. Bg2 Kxg2 55. Qf4 Kh1 56. Qg4 Kh2 57. Kd3 Kh1 58. Ke3 Kh2 59. Kf2
Kh1 60. Qg2# 1-0

[Event "Junior Online 4NCL Division 2"]
[Site "online"]
[Date "2020.05.21"]
[Round "6.22"]
[White "Beneat, Frederick"]
[Black "Kopanitsa, Anton"]
[Result "1-0"]
[WhiteElo "1592"]
[BlackElo "1472"]
[PlyCount "33"]
[EventDate "2020.05.21"]
[WhiteTeam "Ojays C"]
[BlackTeam "Cambridge Chess & Go A"]

1. c4 e5 2. e3 Nc6 3. Nc3 d6 4. d4 f5 5. b3 Nf6 6. Bb2 Be7 7. d5 Nb4 8. a3 Na6
9. Nge2 O-O 10. g3 c6 11. Bg2 Bd7 12. O-O Rb8 13. f4 Qb6 14. Bc1 e4 15. Na4 Qc7
16. Bb2 b5 17. Nac3 1-0

[Event "Junior Online 4NCL Division 2"]
[Site "online"]
[Date "2020.05.21"]
[Round "6.23"]
[White "Volovich, Andrew"]
[Black "Macabenta, Kei"]
[Result "1-0"]
[WhiteElo "1480"]
[BlackElo "1532"]
[PlyCount "98"]
[EventDate "2020.05.21"]
[WhiteTeam "Cambridge Chess & Go A"]
[BlackTeam "Ojays C"]

1. e4 e5 2. Nf3 Nc6 3. Bc4 d6 4. c3 h6 5. d4 Bg4 6. h3 Bxf3 7. Qxf3 Nf6 8. d5
Na5 9. Bb5+ c6 10. dxc6 bxc6 11. Bd3 Be7 12. b4 Nb7 13. a4 O-O 14. a5 Qc7 15.
O-O c5 16. Qg3 Nh5 17. Qg4 Nf6 18. Qg3 Kh8 19. f4 Kh7 20. fxe5 dxe5 21. Rf5 c4
22. Qxe5 Qxe5 23. Rxe5 cxd3 24. Rxe7 Nd6 25. Re5 Nd7 26. Rd5 Nxe4 27. Rxd7 Rad8
28. Rxd8 Rxd8 29. Nd2 Nxc3 30. Bb2 Ne2+ 31. Kf2 Nf4 32. Ke3 Nxg2+ 33. Kf2 Nh4
34. Rg1 Nf5 35. Kf3 g6 36. Ke4 Ne7 37. Bd4 Nc6 38. Bxa7 Nxb4 39. Bb6 Rd7 40.
Bc5 Nc6 41. a6 Rd8 42. a7 f5+ 43. Ke3 Ne5 44. Ra1 Ra8 45. Ra6 g5 46. Re6 Nd7
47. Re7+ Kg6 48. Rxd7 Kf6 49. Rb7 Ke6 1-0

[Event "Junior Online 4NCL Division 2"]
[Site "online"]
[Date "2020.05.21"]
[Round "6.24"]
[White "Zeng, Royce"]
[Black "Xu, Albert"]
[Result "0-1"]
[WhiteElo "1562"]
[BlackElo "1450"]
[PlyCount "140"]
[EventDate "2020.05.21"]
[WhiteTeam "Ojays C"]
[BlackTeam "Cambridge Chess & Go A"]

1. e4 e5 2. Nf3 Nc6 3. Bc4 Bc5 4. c3 Nf6 5. d4 exd4 6. cxd4 Bb4+ 7. Bd2 O-O 8.
a3 Ba5 9. O-O Nxe4 10. Bxa5 Nxa5 11. Qe1 d5 12. Qxa5 dxc4 13. Nc3 Nf6 14. Qc5
Be6 15. Rae1 b6 16. Qg5 h6 17. Qd2 c6 18. Ne4 Bd5 19. Nxf6+ Qxf6 20. Ne5 Rfe8
21. Nd7 Qg6 22. Rxe8+ Rxe8 23. f3 f6 24. Qf4 Rd8 25. Qc7 Qe8 26. Nxb6 axb6 27.
Qxb6 Rb8 28. Qa5 Qe3+ 29. Kh1 Rxb2 30. Qe1 Re2 31. Qc1 Qxd4 32. Re1 Qf2 33.
Rxe2 Qxe2 34. a4 c3 35. h3 c2 36. a5 Qd1+ 37. Qxd1 cxd1=Q+ 38. Kh2 Qe1 39. a6
Qf2 40. a7 Bxf3 41. a8=Q+ Kh7 42. Qa2 Qxa2 43. Kg3 Qxg2+ 44. Kf4 Qxh3 45. Ke3
c5 46. Kf4 c4 47. Ke3 c3 48. Kd3 Bd1+ 49. Ke4 c2 50. Kf4 c1=Q+ 51. Ke4 g5 52.
Kd4 g4 53. Ke4 g3 54. Kd4 g2 55. Kd5 g1=Q 56. Ke4 f5+ 57. Kd5 f4 58. Ke4 f3 59.
Kd5 f2 60. Ke4 f1=Q 61. Kd5 h5 62. Ke4 h4 63. Ke5 Qhg3+ 64. Ke4 h3 65. Kd5 h2
66. Ke6 h1=Q 67. Ke7 Qe4+ 68. Kd7 Qd2+ 69. Kc8 Qgc3+ 70. Kb8 Qb5# 0-1

[Event "Junior Online 4NCL Division 2"]
[Site "online"]
[Date "2020.05.21"]
[Round "6.25"]
[White "Murawski, Jan"]
[Black "Linton, Alexander"]
[Result "0-1"]
[WhiteElo "1630"]
[BlackElo "1607"]
[PlyCount "140"]
[EventDate "2020.05.21"]
[WhiteTeam "Ojays C"]
[BlackTeam "Cambridge Chess & Go A"]

1. d4 d5 2. c4 c6 3. Nc3 Nf6 4. Nf3 Bg4 5. e3 e6 6. c5 Nbd7 7. Be2 b6 8. b4 a5
9. b5 bxc5 10. bxc6 Nb8 11. Bb5 Qc7 12. h3 Bxf3 13. Qxf3 Nxc6 14. dxc5 Bxc5 15.
e4 Bb4 16. exd5 Nxd5 17. Bd2 Bxc3 18. Bxc3 O-O 19. Qg4 Nxc3 20. Qc4 Nxb5 21.
Qxb5 Rab8 22. Qg5 Qe5+ 23. Qxe5 Nxe5 24. O-O Rb2 25. Rfb1 Rxb1+ 26. Rxb1 h6 27.
Rb5 Nc4 28. Rc5 Nd6 29. Rxa5 Nf5 30. Ra7 Rc8 31. a4 Kf8 32. a5 Nd6 33. a6 Ke8
34. Kf1 Kd8 35. Ke2 Rc7 36. Ra8+ Nc8 37. Kd3 Ra7 38. Kc4 Rxa8 39. Kb5 Ra7 40.
Kc6 Rxa6+ 41. Kb7 Ra2 42. Kb8 Rxf2 43. g4 Rh2 44. g5 Rxh3 45. gxh6 gxh6 46. Ka8
Na7 47. Kb8 Rb3+ 48. Kxa7 Rb7+ 49. Ka8 e5 50. Kxb7 e4 51. Kc6 e3 52. Kd5 e2 53.
Kd4 e1=Q 54. Kd5 f5 55. Kc6 f4 56. Kb7 f3 57. Ka8 f2 58. Kb7 h5 59. Kb6 h4 60.
Kb7 h3 61. Kb6 h2 62. Kb7 Qb4+ 63. Ka7 Qb7+ 64. Kxb7 f1=Q 65. Kb6 Qb5+ 66. Kxb5
h1=Q 67. Ka6 Qb1 68. Ka7 Qb5 69. Ka8 Kc7 70. Ka7 Qa5# 0-1

[Event "Junior Online 4NCL Division 2"]
[Site "online"]
[Date "2020.05.21"]
[Round "6.26"]
[White "Kopanitsa, Anton"]
[Black "Beneat, Frederick"]
[Result "0-1"]
[WhiteElo "1472"]
[BlackElo "1592"]
[PlyCount "34"]
[EventDate "2020.05.21"]
[WhiteTeam "Cambridge Chess & Go A"]
[BlackTeam "Ojays C"]

1. b4 e5 2. Bb2 Nc6 3. b5 Nce7 4. Bxe5 d6 5. Bb2 Nf5 6. Nf3 Nf6 7. e3 Be7 8. d4
O-O 9. Nbd2 Bd7 10. a4 Re8 11. Bd3 Nh6 12. O-O Bc6 13. bxc6 bxc6 14. c4 Rb8 15.
Qc2 d5 16. Rfe1 Qd6 17. c5 Qd7 0-1

[Event "Junior Online 4NCL Division 2"]
[Site "online"]
[Date "2020.05.21"]
[Round "6.27"]
[White "Macabenta, Kei"]
[Black "Volovich, Andrew"]
[Result "1-0"]
[WhiteElo "1532"]
[BlackElo "1480"]
[PlyCount "125"]
[EventDate "2020.05.21"]
[WhiteTeam "Ojays C"]
[BlackTeam "Cambridge Chess & Go A"]

1. e4 e6 2. c4 d5 3. exd5 exd5 4. Nf3 Nf6 5. d4 Be7 6. Nc3 Bb4 7. a3 Qe7+ 8.
Be2 Bxc3+ 9. bxc3 dxc4 10. O-O b5 11. Re1 O-O 12. Bxc4 Be6 13. Bxb5 Nd5 14. c4
Nc3 15. Qc2 Nxb5 16. cxb5 Qd7 17. Bb2 Qxb5 18. Qc3 f6 19. a4 Qb3 20. Qxc7 Qxb2
21. Rab1 Qa2 22. Ra1 Qc4 23. Qd6 Re8 24. Rac1 Qd5 25. Qxd5 Bxd5 26. Rxe8+ Kf7
27. Re3 Nc6 28. Rec3 Rb8 29. Nd2 Rb4 30. Rxc6 Bxc6 31. Rxc6 Rxd4 32. Rc2 Rxa4
33. h3 Ke6 34. Rc6+ Kd7 35. Rc3 Ra2 36. Rd3+ Kc6 37. Ne4 Ra4 38. Nd2 Ra1+ 39.
Kh2 a5 40. Nb3 Ra3 41. Nd4+ Kc5 42. Rxa3 Kxd4 43. Rxa5 Kc4 44. Ra7 g5 45. Rxh7
Kd5 46. Rh5 Ke5 47. g4 Kf4 48. Rh6 Ke5 49. Kg3 Ke6 50. f4 Kf7 51. Rh5 Kg6 52.
f5+ Kg7 53. h4 gxh4+ 54. Kxh4 Kf7 55. g5 Kg7 56. Kg4 Kf7 57. Rh7+ Kg8 58. g6
Kf8 59. Rf7+ Kg8 60. Rxf6 Kg7 61. Kg5 Kg8 62. Kh6 Kh8 63. Rf8# 1-0